| 000 | 00770nam a2200241 a 4500 | ||
|---|---|---|---|
| 001 | 000012425 | ||
| 003 | DO-SdBNP | ||
| 005 | 20240530073913.0 | ||
| 008 | 091112s2002 dr 000 f spa d | ||
| 020 | _z9993488917/999348895X | ||
| 040 |
_aDO-SdBNP _bspa _cBNPHU |
||
| 082 |
_aRD863.44 _bG633s |
||
| 100 | 1 |
_aGómez, Víctor, _d1978- _929126 |
|
| 245 | 1 | 0 |
_aSólo para adulteros / _cVíctor Gómez. |
| 260 |
_aSan Francisco de Macorís : _bAngeles de Fierro, _c2002. |
||
| 300 |
_a51 p. ; _c21 cm. |
||
| 500 | _aIncluye datos biográficos del autor en la solapa de la cubierta. | ||
| 590 | _aInventariado, 2020/BT | ||
| 650 | 0 |
_aNovela dominicana _9223 |
|
| 650 | 0 |
_aLiteratura dominicana. _967 |
|
| 910 | _aValidado. Control de calidad MFF | ||
| 942 |
_2ddc _cLBS1 |
||
| 999 |
_c12082 _d12082 |
||